书目信息 |
| 题名: |
课程改革中的若干问题
|
|
| 作者: | 石鸥 , 刘丽群 著 | |
| 分册: | ||
| 出版信息: | 广州 广东教育出版社 2004 |
|
| 页数: | 275页 | |
| 开本: | 20cm | |
| 丛书名: | 走向新课程丛书 | |
| 单 册: | ||
| 中图分类: | G423.07 | |
| 科图分类: | ||
| 主题词: | 课程改革 , 课程--理论 | |
| 电子资源: | ||
| ISBN: | 7-5406-5373-6 | |
| 000 | 01016oam2 2200289 450 | |
| 001 | 05002677895 | |
| 005 | 20061112084402.54 | |
| 010 | @a7-5406-5373-6@dCNY18.50 | |
| 100 | @a20050121d2004 ekmy0chiy0120 ea | |
| 101 | 0 | @achi |
| 102 | @aCN@b440000 | |
| 105 | @ay az 000yy | |
| 200 | 1 | @a课程改革中的若干问题@9ke cheng gai ge zhong de ruo gan wen ti@e面向21世纪基础教育课程改革@f石鸥,刘丽群著@Fshi ou,liu li qun zhu |
| 210 | @a广州@c广东教育出版社@d2004 | |
| 215 | @a275页@d20cm | |
| 225 | 2 | @a走向新课程丛书 |
| 320 | @a有书目 | |
| 330 | @a本书针对新课程改革这场“新文化传播运动”,以解释本次课程改革的精神实质为目的,从目标、功能、内容、实施、评价等层次进行分析。 | |
| 461 | 0 | @12001 @a走向新课程丛书 |
| 517 | 1 | @a面向21世纪基础教育课程改革@9mian xiang 21 shi ji ji chu jiao yu ke cheng gai ge |
| 606 | 0 | @a课程改革 |
| 606 | 0 | @a课程@x理论 |
| 690 | @aG423.07@v4 | |
| 701 | 0 | @a石鸥@Ashi ou@4著 |
| 701 | 0 | @a刘丽群@Aliu li qun@4著 |
| 801 | 0 | @aCN@bTSSF@c20061112 |
| 905 | @a10447@dG423.07@e108 | |
| 课程改革中的若干问题:面向21世纪基础教育课程改革/石鸥,刘丽群著.-广州:广东教育出版社,2004 |
| 275页;20cm.-(走向新课程丛书) |
| ISBN 7-5406-5373-6:CNY18.50 |
| 本书针对新课程改革这场“新文化传播运动”,以解释本次课程改革的精神实质为目的,从目标、功能、内容、实施、评价等层次进行分析。 |
| ● |
| 相关链接 |
|
|
|
|
正题名:课程改革中的若干问题
索取号:G423.07/108
 
预约/预借
| 序号 | 登录号 | 条形码 | 馆藏地/架位号 | 状态 | 备注 |
| 1 | 0364192 | 3641928 | 第一样本阅览室/ [索取号:G423.07/108] | 在馆 | |
| 2 | 0364193 | 3641937 | 密集书库/ [索取号:G423.07/108] | 在馆 | |
| 3 | 0364194 | 3641946 | 密集书库/ [索取号:G423.07/108] | 在馆 | |
| 4 | 0364195 | 3641955 | 密集书库/ [索取号:G423.07/108] | 在馆 | |
| 5 | 0364196 | 3641964 | 第四借阅区/ [索取号:G423.07/108] | 在馆 | |
| 6 | 0364197 | 3641973 | 密集书库/ [索取号:G423.07/108] | 在馆 | |
| 7 | 0364198 | 3641982 | 第四借阅区/ [索取号:G423.07/108] | 在馆 | |
| 8 | 0364199 | 3641991 | 密集书库/ [索取号:G423.07/108] | 在馆 | |
| 9 | 0383557 | 203835573 | 密集书库/ [索取号:G423.07/108] | 在馆 | |
| 10 | 0383558 | 203835582 | 第四借阅区/ [索取号:G423.07/108] | 在馆 | |
| 11 | 0383559 | 203835591 | 第四借阅区/ [索取号:G423.07/108] | 在馆 | |
| 12 | 0383560 | 203835608 | 密集书库/ [索取号:G423.07/108] | 在馆 | |
| 13 | 0383561 | 203835617 | 第四借阅区/ [索取号:G423.07/108] | 在馆 |